00702nam a2200241 a 4500001001300000003000900013005001700022008004100039020000800080082001500088100002600103245002800129260004200157300000900199500003500208505001300243650002700256700002600283902000800309942000700317952012300324999001300447nice12345678IN_TiNIC20260116011356.0050524s1953 hyda grp 000 0 eng  ac000a954.8bSHE aSherwani, Haroon Khan aBahmanies of the Deccan aHyderabadbManager Publicationsc1953 a458p aincludes index and biblioraphy2 aAppendex aDeccan-History-Bahmani1 aSherwani, Haroon Khan bSRS cBK 001040708StackRoom-aHMIbHMId2008-07-30g0.00l1o954.8 SHEp00868r2018-07-23s2018-07-16v0.00w2005-05-24yBK c982d982